000 01460nam a2200301 i 4500
001 110297
003 ES-MaACL
005 20250529171949.0
007 t|
008 021122q1994 sp a r 00110dspa d
080 _a7.036(436)(083.824)
245 0 3 _aLa visión austríaca :
_btres generaciones de artistas = The Austrian vision : three generations of Austrian artists : [exposición] /
_ccomisario = curator, Lóránd Hegyi ; Christian Ludwig Attersee, Herbert Brandl, Günter Brus ... [et al.].
260 _a[Barcelona] :
_bFundación "la Caixa" ;
_a[Viena] :
_bMuseum Moderner Kunst Stiftung Ludwig Wien,
_c[1994?]
300 _a165 p. :
_bil. col. ;
_c28 cm.
546 _aTexto en español e inglés.
585 _aExposición: 23 de noviembre 1994-22 de enero 1995, Sala de Exposiciones de la Fundación "la Caixa", Madrid ; 7 de febrero 1995-2 de abril 1995, Centre Cultural de la Fundación "la Caixa.
650 4 _aArte austríaco-
_vExposiciones.
_9173920
655 7 _2tgfbne
_9193628
_aCatálogos de exposiciones
700 1 _aHegyi, Lóránd.
_9173921
700 1 _aAttersee, Christian Ludwig,
_d1940-
_9173922
700 1 _aBrandl, Herbert.
_9173923
700 1 _aBrus, Günter (
_d1938-)
_9173924
710 2 _aFundació "la Caixa"
_9173255
740 4 2 _aThe Austrian vision.
852 4 _aES-MaACL
_jA-14810
_9 114469
_bR.151940
_cDEPO1
_dOlim: N-7810
_hDonación: Editorial
942 _2udc
999 _c110297
_d110297